Statistics for Arctic Monkeys Lyrics - My Propeller

Click here to take the quiz!

General Stats

  • This quiz has been taken 48 times
  • The average score is 113 of 133

Answer Stats

Lyrics% Correct
a
97%
can
97%
I
97%
My
97%
my
97%
propeller
97%
spin
97%
you
97%
And
94%
are
94%
arriving?
94%
can't
94%
get
94%
it
94%
on
94%
own
94%
started
94%
When
94%
won't
94%
the
91%
to
91%
me
89%
Oh,
89%
of
86%
have
83%
hold
77%
If
77%
urgency
77%
got
74%
strength,
74%
summon
74%
your
74%
descent
71%
No
71%
sticky
71%
cause
69%
Coax
69%
down
69%
evil
69%
for
69%
into
69%
It's
69%
keys
69%
make
69%
out
69%
those
69%
tow
69%
emergency
66%
momentary
66%
Sink
66%
slowly
66%
up
66%
You've
66%
eagle
63%
necessary
63%
tomorrow
63%
synergy
60%
low
57%
oil
57%
off
54%
bald
51%
beak
43%
Borrowed
31%

Score Distribution

Percentile by Number Answered

Percent of People with Each Score

Your Score History

You have not taken this quiz